000 00826nam a22002297a 4500
005 20110908145123.0
008 110908t xxu||||| |||| 00| 0 eng d
010 _aENG-103788
020 _c120.00
_a9789380153049
035 _aEN-87321
037 _bDBAD/PUB
040 _aDPL
_bEng
082 _a631.8
100 1 _aHoward, Albert, Sir
_934669
245 1 4 _aAn agricultural testament /
_cby Sir Albert Howard
260 _aSecunderabad
_bPermanent Green
_c2009
270 _a12-13-439,St No.1,Tarnaka
_bSecunderabad
_e500017
_k09490746614
_minfo@manchipustakam.in
300 _a152p.
_c22cm (pbk)
650 0 _934671
942 _2ddc
_cEN
_mHOW
_h631.8
999 _c56593
_d56593